1999 1800 1329 1206 1527 1853 1896 1515 1742 1153 1379 1558 1096 1761 1236 1852 1360 1073 1456 1534 1644 1962 1097 1221 1165 1324 1782 1222 1946 1103 1696 1416 1607 1745 1769 1045 1665 1952 1483 1600 1547 1192 1807 1208 1397 1935 1266 1148 1839 1936 1170 1019 1988 1597 1144 1117 1121 1020 1725 1682 1540 1215 1966 1680 1255 1412 1596 1261 1403 1052 1055 1240 1481 1106 1490 1327 1404 1837 1906 1173 1131 1588 1016 1310 1708 1969 1534 1942 1469 1219 1836 1989 1089 1609 1342 1157 1367 1200 1595 BCNSPRNW ULIB Ver.6.0+V

เปลี่ยนเป็นภาษาไทย

Change to English
 แสดงรายละเอียดบรรณานุกรม
  กลับหน้าหลัก

Brief Record : Get Marc (ISO 2709) : E-mail record : QR code < ปิดหน้าต่าง
LEADER : 00000nam 2200000uu 4500
001    13399122337
003     ULIB
008    130214s2546||||th 000 0 tha d
099    วจ.WY16^bจ531ป
100 0  จิราจันทร์ คณฑา และปิ่นแก้ว โชติอำนวย
245 00 ปัจจัยที่มีผลต่อความรับผิดชอบของนิสิตพยาบาล วิทยาลัยพยาบาลบรมราชชนนี สวรรค์ประชารักษ์^c โดยจิราจันทร์ คณฑา และปิ่นแก้ว โชติอำนวย
260    นครสวรรค์:^bวิทยาลัยพยาบาลบรมราชชนนี สวรรค์ประชารักษ์,^c2546
300    75 หน้า
650  0 ความรับผิดชอบ^nนักศึกษาพยาบาล^xวิจัย
945    ^p0^l0^i033580
945    ^p0^l0^i001488
999    ^aเกษร โพธิ์สุวรรณ
รายการนี้ยังไม่มีแท็ก
คุณยังไม่ได้ล็อกอิน คุณสามารถมีกิจกรรมร่วมกับเว็บไซต์ได้ แต่ต้องล็อกอินก่อน ::
  ล็อกอิน

รายการสื่อสารสนเทศ

ลำดับที่ ประเภท เลขเรียก/บาร์โค้ด สถานที่ สถานะ
1. งานวิจัย
งานวิจัย
วจ.WY16 จ531ป  
  Barcode: 033580
ห้องสมุดวิทยาเขตสวรรค์ประชารักษ์
►วิจัย
บนชั้น
2. งานวิจัย
งานวิจัย
วจ.WY16 จ531ป ฉ.2 
  Barcode: 001488
ห้องสมุดวิทยาเขตสวรรค์ประชารักษ์
►วิจัย
บนชั้น

BibComment


ยังไม่เคยถูกคอมเมนท์

คอมเมนท์ทรัพยากรรายการนี้
  คอมเมนท์: ปัจจัยที่มีผลต่อค..


 Copyright 2026. Bcnsprnw @Library